Copa do mundo da FIFA de 2022 - Statistics

Estatísticas Gerais
  • Esse quiz foi jogado 182 vezes
  • A pontuação média é 28 de 32
Estatísticas das Respostas
GRUPO % Correto
Argentina
99%
Brasil
99%
França
97%
Espanha
96%
Inglaterra
96%
Portugal
96%
Coreia do Sul
94%
Estados Unidos
94%
Japão
94%
Catar
93%
México
93%
Alemanha
92%
Suiça
92%
Uruguai
92%
Austrália
91%
Camarões
91%
Senegal
91%
Sérvia
91%
Equador
89%
Holanda
89%
Canadá
84%
Croácia
84%
País de Gales
84%
Dinamarca
83%
Gana
83%
Arábia Saudita
82%
Bélgica
82%
Costa Rica
82%
Irã
82%
Marrocos
81%
Polônia
78%
Tunísia
68%
Nenhum quiz correspondente encontrado
Distribuição das Pontuações
Porcentagem de Pessoas com Cada Pontuação
Percentil de Números Respondidos
Sua Pontuação Histórica
Você não jogou esse quiz